00427nam a2200109Ia 4500008004100000100002600041245009500067260003900162650002200201650005300223856004100276171212s9999 xx 000 0 und d aMcBridge, Patrizia C. cMcBridge, Patrizia C.aThe Chatter of the VisiblebMontage and Narrative in Weimar Germany bUniversity of Michigan Pressc2016 aArt & Art History aPhotography -- Germany -- History -- 1918–1933 uhttp://jstor.org/stable/j.ctt1gk08k8